आरट्याची पाने (Record no. 82346)

MARC details
000 -LEADER
fixed length control field 00620nam a2200181Ia 4500
008 - FIXED-LENGTH DATA ELEMENTS--GENERAL INFORMATION
fixed length control field 090124s9999 xx 000 0 und d
082 ## - DEWEY DECIMAL CLASSIFICATION NUMBER
Item number 2422
100 ## - MAIN ENTRY--PERSONAL NAME
Personal name आपटे गोपाऴ लक्ष्मण
245 ## - TITLE STATEMENT
Title आरट्याची पाने
250 ## - EDITION STATEMENT
Edition statement 0
260 ## - PUBLICATION, DISTRIBUTION, ETC. (IMPRINT)
Name of publisher, distributor, etc यशवंत गोपाळ जोशी
Date of publication, distribution, etc 1937
300 ## - PHYSICAL DESCRIPTION
Extent 40
600 ## - SUBJECT ADDED ENTRY--PERSONAL NAME
Personal name आपटे गोपाऴ लक्ष्मण
630 ## - SUBJECT ADDED ENTRY--UNIFORM TITLE
Uniform title आरट्याची पाने
700 ## - ADDED ENTRY--PERSONAL NAME
Personal name आपटे गोपाऴ लक्ष्मण
730 ## - ADDED ENTRY--UNIFORM TITLE
Uniform title आरट्याची पाने
942 ## - ADDED ENTRY ELEMENTS (KOHA)
Koha item type Book
Holdings
Withdrawn status Lost status Damaged status Not for loan Home library Current library Date acquired Cost, normal purchase price Total Checkouts Full call number Barcode Date last seen Cost, replacement price Price effective from Koha item type
        Nagar Wachan Mandir, Thane Nagar Wachan Mandir, Thane   0.75   2422 THNNWM-2422 01/24/2009 0.75 01/24/2009 Book